000 00363nam a2200157Ia 4500
003 OSt
005 20240306105801.0
008 170523s9999 xx 000 0 und d
020 _a978-8180548918
040 _ciimtu meerut
100 _aPRASAD- LM
245 0 _aPRINCIPLE AND PRACTICE OF MANAGEMENT
260 _bSULTAN CHAND
260 _c2002
942 _2ddc
_c02
999 _c999
_d999